000 00559nam a22001817a 4500
999 _c10326
_d10326
003 AR-CdUCM
008 190329b ||||| |||| 00| 0 spa d
040 _aMUNICIPALIDAD PROVINCIAL DEL CUSCO
_cBIBLIOTECA MUNICIPAL DEL CUSCO
082 _aEP / 800 /
_bC97
100 _aCurren, Polly
_927127
245 _aLas Fantásticas Aventuras de Westley Riggs /
260 _aBarcelona :
_bToray S. A. ;
_c1961.
300 _a111 páginas ;
_bIlustraciones
_c21cm
505 _aContenido: Cuento
650 _aCuentos
_9217
942 _2ddc
_cLIBROS
945 _anom